000
00410nam a2200145Ia 4500
008
100204s9999 xx 000 0 und d
082
_b
17674
100
_a
साठे माया
245
_a
अंबा
260
_b
"बांदोडकर पब्लिशिंग हाऊस, गोवा"
_c
1994
300
_a
180
630
_a
अंबा
730
_a
अंबा
942
_c
BOOK
999
_c
462097
_d
462094